000 00253nam a2200109Ia 4500
008 231212s2004 xx 000 0 und d
041 _aeng
082 _a625.381
100 _aBhandarkar B.G.
245 _aApplied Physics
260 _aPune
_bNirali
_c2004
999 _c965500
_d965500